<?xml version="1.0" encoding="UTF-8"?>
<record
    xmlns:xsi="http://www.w3.org/2001/XMLSchema-instance"
    xsi:schemaLocation="http://www.loc.gov/MARC21/slim http://www.loc.gov/standards/marcxml/schema/MARC21slim.xsd"
    xmlns="http://www.loc.gov/MARC21/slim">

  <leader>00969nam a22002177a 4500</leader>
  <controlfield tag="001">6887</controlfield>
  <controlfield tag="003">FISKH</controlfield>
  <controlfield tag="005">20250604121956.0</controlfield>
  <controlfield tag="008">250604b        cb ||||| |||| 00| 0 eng d</controlfield>
  <datafield tag="020" ind1=" " ind2=" ">
    <subfield code="a">9781108746366</subfield>
  </datafield>
  <datafield tag="040" ind1=" " ind2=" ">
    <subfield code="a">FISKH</subfield>
    <subfield code="b">eng</subfield>
    <subfield code="c">FISKH</subfield>
    <subfield code="d">FISKH</subfield>
  </datafield>
  <datafield tag="082" ind1=" " ind2=" ">
    <subfield code="a">510</subfield>
  </datafield>
  <datafield tag="100" ind1=" " ind2=" ">
    <subfield code="a">Byrd, Lynn</subfield>
  </datafield>
  <datafield tag="245" ind1=" " ind2=" ">
    <subfield code="a">Cambrdige lower secondary Mathematics :</subfield>
    <subfield code="b">Workbook 7 / </subfield>
    <subfield code="c">By Lynn Byrd, Greg Byrd &amp; Chris Pearce </subfield>
  </datafield>
  <datafield tag="250" ind1=" " ind2=" ">
    <subfield code="a">First published 2014</subfield>
  </datafield>
  <datafield tag="260" ind1=" " ind2=" ">
    <subfield code="a">New York : </subfield>
    <subfield code="b">Cambridge University Press , </subfield>
    <subfield code="c">2021.</subfield>
  </datafield>
  <datafield tag="300" ind1=" " ind2=" ">
    <subfield code="a">253 pages : </subfield>
    <subfield code="b">illustrations ;</subfield>
    <subfield code="c">29 cm . </subfield>
  </datafield>
  <datafield tag="520" ind1=" " ind2=" ">
    <subfield code="a">The Cambridge Lower Secondary Mathematics Workbook 7, authored by Lynn Byrd, is designed to support students in mastering mathematical concepts through engaging activities. Published by Cambridge University Press on April 29, 2021, this workbook is tailored for students following the Cambridge Lower Secondary Mathematics curriculum framework.</subfield>
  </datafield>
  <datafield tag="942" ind1=" " ind2=" ">
    <subfield code="2">ddc</subfield>
    <subfield code="c">BK</subfield>
    <subfield code="n">0</subfield>
  </datafield>
  <datafield tag="999" ind1=" " ind2=" ">
    <subfield code="c">6887</subfield>
    <subfield code="d">6887</subfield>
  </datafield>
  <datafield tag="952" ind1=" " ind2=" ">
    <subfield code="0">0</subfield>
    <subfield code="1">0</subfield>
    <subfield code="2">ddc</subfield>
    <subfield code="4">0</subfield>
    <subfield code="7">0</subfield>
    <subfield code="8">REF</subfield>
    <subfield code="a">002</subfield>
    <subfield code="b">002</subfield>
    <subfield code="c">SNS</subfield>
    <subfield code="d">2025-06-04</subfield>
    <subfield code="l">0</subfield>
    <subfield code="o">BYR 510</subfield>
    <subfield code="p">2025-1480</subfield>
    <subfield code="r">2025-06-04 12:19:53</subfield>
    <subfield code="w">2025-06-04</subfield>
    <subfield code="y">BK</subfield>
  </datafield>
</record>
